00690nam a2200181Ia 4500003000900000005001700009008004100026040001300067040001300080041000800093100002500101245007100126250001200197260005000209300001800259490000600277520022500283IT-RoPAU20220918175717.0120407s9999    xx            000 0 und d  aIT-RoPAU  cIT-RoPAU  aita  aUgenti, Antoniocssp  aGesù via, verità e vitabLa spiritualità del terzo millennio  a1° ed.  aCasale Monferrato (AL)bEdizioni Piemmec1990  a157 p.c21 cm  v1  aINDICE
Introduzione;
Parte prima-I presupposti filosofici;
Parte seconda-Le basi antropologiche;
Parte terza-Le radici psicologiche;
Parte quarta-I fondamenti teologici;
Parte quinta-Le prospettive spirituali;
Appendici.